000 00521nam a2200181Ia 4500
001 16030
005 20260306170239.0
008 260306t2015||||xx |||||||||||||| ||und||
041 _aESP
082 _a346.52
_bS71 V. 2
100 _aSoto Coaguila, Carlos Alberto
_eAUT
245 0 _aTratado de responsabilidad civil contractual y extracontractual:
_bcomentarios a las normas del código civil
260 _c2015
300 _a362 páginas :
_c25 cm.
650 _aGEN
654 _aCDE
942 _cLIB
_dJUS
_fJUS
_2ddc
_n
999 _c16030
_d16030